[Event "Titled Tuesday 2021.01.12"]
[Site "chess.com INT"]
[Date "2021.01.12"]
[Round "1"]
[White "Atanasov, Anthony"]
[Black "Sukovic, Andrej"]
[Result "1-0"]
[WhiteElo "2182"]
[BlackElo "2282"]
[PlyCount "235"]
[EventDate "2021.01.12"]
[EventType "swiss (blitz)"]
[EventRounds "11"]
[EventCountry "NET"]
[Source "Mark Crowther"]
[SourceDate "2021.01.18"]

1. d4 Nf6 2. Bf4 g6 3. e3 Bg7 4. Nf3 d6 5. Be2 Nh5 6. Bg5 h6 7. Bh4 g5 8. Nfd2
Nf6 9. Bg3 Nbd7 10. c4 e6 11. Nc3 Qe7 12. O-O a6 13. Nde4 Nxe4 14. Nxe4 f5 15.
Bh5+ Kf8 16. Nc3 Nf6 17. Be2 Kf7 18. f3 Rf8 19. e4 Kg8 20. Rc1 Nh5 21. Bf2 Nf4
22. d5 Bxc3 23. Rxc3 exd5 24. cxd5 fxe4 25. fxe4 Qxe4 26. Bf3 Qg6 27. Rxc7 Bf5
28. Bd4 Rf7 29. Rxf7 Qxf7 30. g3 Nh3+ 31. Kg2 Rf8 32. Qe2 g4 33. Bxg4 Be4+ 34.
Bf3 Bxd5 35. Bxd5 Qxd5+ 36. Kxh3 Rxf1 37. Qxf1 Qxd4 38. Qf5 Qxb2 39. Qe6+ Kg7
40. Qd7+ Kg8 41. Qxd6 Qxa2 42. Qg6+ Kf8 43. Qxh6+ Ke8 44. Qh8+ Kd7 45. g4 Qb3+
46. Kh4 a5 47. g5 Qb4+ 48. Kh5 a4 49. h4 a3 50. g6 Qc5+ 51. Kh6 Qe3+ 52. Kh5
Qc5+ 53. Kg4 Qc4+ 54. Kf5 Qd5+ 55. Kf4 Qc4+ 56. Kg5 Qd5+ 57. Kh6 Qd2+ 58. Kh7
Qd3 59. Qg7+ Kc6 60. Qf6+ Kb5 61. h5 Ka4 62. h6 a2 63. Qb2 Qb3 64. Qxb3+ Kxb3
65. g7 a1=Q 66. g8=Q+ Ka3 67. Qa8+ Kb2 68. Qxa1+ Kxa1 69. Kg6 b5 70. h7 b4 71.
h8=Q+ Ka2 72. Qa8+ Kb2 73. Qg2+ Ka3 74. Qf3+ Ka2 75. Kf5 b3 76. Qa8+ Kb1 77.
Ke4 b2 78. Kd3 Kc1 79. Qc6+ Kb1 80. Qc2+ Ka1 81. Qa4+ Kb1 82. Kc3 Kc1 83. Qa3
Kd1 84. Qxb2 Ke1 85. Qd2+ Kf1 86. Kd3 Kg1 87. Qe2 Kh1 88. Kd2 Kg1 89. Kd1 Kh1
90. Kc1 Kg1 91. Kc2 Kh1 92. Kc3 Kg1 93. Kc4 Kh1 94. Kc5 Kg1 95. Kc6 Kh1 96. Kc7
Kg1 97. Kc8 Kh1 98. Kd8 Kg1 99. Ke8 Kh1 100. Kf8 Kg1 101. Kg8 Kh1 102. Kh8 Kg1
103. Kh7 Kh1 104. Kg7 Kg1 105. Kf7 Kh1 106. Ke7 Kg1 107. Ke6 Kh1 108. Ke5 Kg1
109. Kf5 Kh1 110. Kg5 Kg1 111. Kh5 Kh1 112. Kh4 Kg1 113. Kg4 Kh1 114. Kf4 Kg1
115. Ke4 Kh1 116. Kf3 Kg1 117. Kg3 Kh1 118. Qg2# 1-0

[Event "Titled Tuesday 2021.01.12"]
[Site "chess.com INT"]
[Date "2021.01.12"]
[Round "2"]
[White "Atanasov, Anthony"]
[Black "Dowgird, Filip"]
[Result "0-1"]
[WhiteElo "2182"]
[BlackElo "2348"]
[PlyCount "110"]
[EventDate "2021.01.12"]
[EventType "swiss (blitz)"]
[EventRounds "11"]
[EventCountry "NET"]
[Source "Mark Crowther"]
[SourceDate "2021.01.18"]

1. d4 Nf6 2. Nf3 d6 3. Bf4 Nh5 4. Bg5 h6 5. Bh4 g5 6. Bg3 Bg7 7. e4 Nc6 8. c3
a6 9. Nbd2 e5 10. dxe5 Nxg3 11. hxg3 Nxe5 12. Nxe5 Bxe5 13. Qh5 Qe7 14. Nc4 Bg7
15. O-O-O Qxe4 16. Bd3 Qg4 17. Rde1+ Kf8 18. Qh2 Bf6 19. f3 Qd7 20. Ne3 Qa4 21.
Nd5 Kg7 22. Nxf6 Kxf6 23. Qxh6+ Rxh6 24. Rxh6+ Kg7 25. Rh7+ Kf6 26. Rh6+ Kg7
27. Rh7+ Kg8 28. Reh1 Qxa2 29. Rh8+ Kg7 30. R8h7+ Kf8 31. Rh8+ Ke7 32. Re1+ Kd7
33. Ree8 Kc6 34. Rxc8 Rxc8 35. Rxc8 Qa1+ 36. Bb1 Qa4 37. Re8 Qc4 38. Re1 Qc5
39. Bd3 Qf2 40. Re2 Qxg3 41. Kc2 g4 42. fxg4 Qxg4 43. Re1 Qxg2+ 44. Kb3 Qg3 45.
Be4+ d5 46. Bc2 Qxe1 47. c4 dxc4+ 48. Ka3 Qa5+ 49. Ba4+ b5 50. b4 Qxa4+ 51. Kb2
Qxb4+ 52. Kc2 Qb3+ 53. Kd2 c3+ 54. Kc1 Qb2+ 55. Kd1 Qd2# 0-1

[Event "Titled Tuesday 2021.01.12"]
[Site "chess.com INT"]
[Date "2021.01.12"]
[Round "3"]
[White "Spyropoulos, Nikolaos"]
[Black "Atanasov, Anthony"]
[Result "0-1"]
[WhiteElo "2425"]
[BlackElo "2182"]
[PlyCount "62"]
[EventDate "2021.01.12"]
[EventType "swiss (blitz)"]
[EventRounds "11"]
[EventCountry "NET"]
[Source "Mark Crowther"]
[SourceDate "2021.01.18"]

1. d4 e6 2. Nf3 h5 3. e4 d5 4. Nc3 Nf6 5. Bg5 Be7 6. e5 Ne4 7. Bxe7 Qxe7 8. Bd3
Nxc3 9. bxc3 c5 10. O-O c4 11. Be2 g5 12. Nd2 b5 13. f4 g4 14. a4 b4 15. cxb4
Qxb4 16. Rf2 Qc3 17. Nf1 Nc6 18. f5 Nxd4 19. fxe6 Bxe6 20. Rc1 h4 21. Bxg4 h3
22. Bxe6 fxe6 23. Qg4 hxg2 24. Qg6+ Kd7 25. Rf7+ Kc6 26. Ng3 Qe3+ 27. Kxg2 Qxc1
28. Qg7 Qxc2+ 29. Kf1 Qd3+ 30. Kf2 Rxh2+ 31. Kg1 Nf3+ 0-1

[Event "Titled Tuesday 2021.01.12"]
[Site "chess.com INT"]
[Date "2021.01.12"]
[Round "4"]
[White "Pert, R."]
[Black "Atanasov, Anthony"]
[Result "0-1"]
[WhiteElo "2416"]
[BlackElo "2182"]
[PlyCount "42"]
[EventDate "2021.01.12"]
[EventType "swiss (blitz)"]
[EventRounds "11"]
[EventCountry "NET"]
[Source "Mark Crowther"]
[SourceDate "2021.01.18"]

1. d4 e5 2. dxe5 Nc6 3. Nf3 Qe7 4. Nc3 Nxe5 5. Nd5 Nxf3+ 6. gxf3 Qd8 7. Bf4 d6
8. e4 Nf6 9. Bc4 c6 10. Nc3 Be7 11. Rg1 Qb6 12. Bb3 O-O 13. Bh6 Nh5 14. Qd2 Be6
15. Bxg7 Nxg7 16. Qh6 Qd4 17. e5 Qxe5+ 18. Ne4 d5 19. f4 Qxe4+ 20. Kd2 Qd4+ 21.
Kc1 Qf6 0-1

[Event "Titled Tuesday 2021.01.12"]
[Site "chess.com INT"]
[Date "2021.01.12"]
[Round "5"]
[White "Atanasov, Anthony"]
[Black "Maly, Al"]
[Result "0-1"]
[WhiteElo "2182"]
[BlackElo "2371"]
[PlyCount "132"]
[EventDate "2021.01.12"]
[EventType "swiss (blitz)"]
[EventRounds "11"]
[EventCountry "NET"]
[Source "Mark Crowther"]
[SourceDate "2021.01.18"]

1. d4 d5 2. Bf4 Nf6 3. e3 e6 4. Nf3 c5 5. Nbd2 Bd6 6. c3 Qc7 7. Bxd6 Qxd6 8.
Ne5 O-O 9. Bd3 b6 10. Qe2 a5 11. f4 Ba6 12. Bxa6 Nxa6 13. h4 Nc7 14. g4 Nd7 15.
g5 a4 16. h5 a3 17. b3 Rac8 18. Kf2 Nxe5 19. dxe5 Qe7 20. h6 g6 21. Nf3 Rfd8
22. Rhd1 b5 23. b4 cxb4 24. Nd4 bxc3 25. Nc6 Qc5 26. Nxd8 Rxd8 27. Qd3 b4 28.
Qd4 Na6 29. e4 Qc7 30. Ke3 Nc5 31. exd5 Rxd5 32. Qxb4 Qa7 33. Rxd5 exd5 34.
Qxc3 Ne6+ 35. Kf3 d4 36. Qc8+ Nf8 37. Rd1 Qa4 38. Rd3 Qb5 39. Rxd4 Qf1+ 40. Ke3
Qg1+ 41. Ke4 Qh1+ 42. Kd3 Qd1+ 43. Ke4 Qh1+ 44. Ke3 Qe1+ 45. Kf3 Qh1+ 46. Kg3
Qg1+ 47. Kh4 Qxd4 48. Kg4 Qe4 49. Qb8 Qf5+ 50. Kg3 Qd3+ 51. Kg4 Qe2+ 52. Kg3
Qxa2 53. Qa8 Qe6 54. Qxa3 Qf5 55. Qa8 Qe6 56. Qd8 Qb3+ 57. Kg4 Qc2 58. Kf3 Qc1
59. Kg3 Qg1+ 60. Kf3 Qh1+ 61. Kg3 Qf1 62. e6 fxe6 63. Qe7 Qg1+ 64. Kf3 Qf1+ 65.
Kg3 Qe1+ 66. Kg4 Qa1 0-1

[Event "Titled Tuesday 2021.01.12"]
[Site "chess.com INT"]
[Date "2021.01.12"]
[Round "6"]
[White "Atanasov, Anthony"]
[Black "Tarlabasi, Emirhan"]
[Result "0-1"]
[WhiteElo "2182"]
[BlackElo "2301"]
[PlyCount "114"]
[EventDate "2021.01.12"]
[EventType "swiss (blitz)"]
[EventRounds "11"]
[EventCountry "NET"]
[Source "Mark Crowther"]
[SourceDate "2021.01.18"]

1. d4 d5 2. Bf4 e6 3. e3 Nf6 4. Nf3 c5 5. Nbd2 Bd6 6. c3 O-O 7. Bd3 Nc6 8. Bg3
b6 9. e4 Be7 10. Ne5 Nxe5 11. dxe5 Nxe4 12. Nxe4 dxe4 13. Bxe4 Ba6 14. Qa4 Bd3
15. Rd1 c4 16. Bxd3 cxd3 17. Qe4 Qc7 18. Rxd3 Rfd8 19. O-O Rxd3 20. Qxd3 Rd8
21. Qe2 Qd7 22. f4 Qd2 23. Re1 Bc5+ 24. Bf2 Qxf4 25. Bxc5 bxc5 26. Rf1 Qg5 27.
Qf2 Qe7 28. b4 cxb4 29. cxb4 h6 30. a4 Rd5 31. Qf4 Qd7 32. b5 Rd4 33. Qf3 Rxa4
34. Qa8+ Kh7 35. Qf8 Qd4+ 36. Kh1 Qf2 37. Rg1 Re4 38. h3 Rxe5 39. Qe7 Rxb5 40.
Qd7 Re5 41. Qd3+ g6 42. Qc3 Rf5 43. Qc7 a5 44. Qb7 a4 45. Ra1 Qd4 46. Rb1 Qd5
47. Qa7 Kg7 48. Rb7 Rf6 49. Qxa4 Qg5 50. Kh2 Qc1 51. Qe4 Qc5 52. Ra7 Qd6+ 53.
Kg1 Qc5+ 54. Kh2 Qxa7 55. h4 Qb8+ 56. Kh3 Qf4 57. Qd3 Qf5+ 0-1

[Event "Vergani Cup-2"]
[Site "Bassano del Grappa ITA"]
[Date "2021.01.03"]
[Round "1.4"]
[White "Moroni, Luca Jr"]
[Black "Atanasov, Anthony"]
[Result "1-0"]
[WhiteElo "2562"]
[BlackElo "2144"]
[PlyCount "93"]
[EventDate "2021.01.03"]
[EventType "swiss"]
[EventRounds "9"]
[EventCountry "ITA"]
[Source "ChessMix"]
[SourceDate "2021.01.10"]

1. d4 Nf6 2. c4 g6 3. Nc3 d5 4. cxd5 Nxd5 5. e4 Nxc3 6. bxc3 Bg7 7. Bb5+ c6 8.
Ba4 O-O 9. Ne2 b6 10. O-O c5 11. Be3 Bb7 12. f3 Nd7 13. e5 e6 14. Qd2 Ba6 15.
Rfd1 Qc7 16. Ng3 b5 17. Bb3 Rfd8 18. Bh6 Bh8 19. Qf4 c4 20. Bc2 f5 21. exf6
Qxf4 22. Bxf4 Nxf6 23. Bc7 Rd7 24. Ba5 Nd5 25. Rab1 Rb8 26. Ne4 b4 27. Nc5 Rd6
28. cxb4 Nc3 29. Bc7 Bxd4+ 30. Rxd4 Rxd4 31. Re1 Rxb4 32. Be5 Nb5 33. Nxa6 Rb2
34. Ba4 Nc3 35. Bxd4 Ne2+ 36. Rxe2 Rxe2 37. Nb4 Re1+ 38. Kf2 Rb1 39. a3 a5 40.
Nc2 Kf7 41. Bc3 Rb7 42. Ne3 Rc7 43. Bxa5 Rc8 44. Bb4 h5 45. h4 Kf6 46. Bc3+ e5
47. Bb5 1-0

[Event "Titled Tuesday 2020.12.22"]
[Site "chess.com INT"]
[Date "2020.12.22"]
[Round "1"]
[White "Atanasov, Anthony"]
[Black "Harutyunian, T."]
[Result "0-1"]
[WhiteElo "2144"]
[BlackElo "2549"]
[PlyCount "62"]
[EventDate "2020.12.22"]
[EventType "swiss (blitz)"]
[EventRounds "11"]
[EventCountry "NET"]
[Source "Mark Crowther"]
[SourceDate "2020.12.28"]

1. d4 Nf6 2. Bf4 g6 3. e3 Bg7 4. Nf3 O-O 5. Be2 d6 6. O-O Nc6 7. c4 e5 8. dxe5
Ne4 9. Nbd2 Nxd2 10. Qxd2 dxe5 11. Qxd8 Rxd8 12. Bg5 f6 13. Bh4 e4 14. Nd4 Nxd4
15. exd4 Rxd4 16. Rad1 c5 17. f3 e3 18. Bg3 Be6 19. Bd6 b6 20. Rxd4 cxd4 21. b4
Rc8 22. c5 bxc5 23. bxc5 Bxa2 24. Ba6 Rd8 25. Ra1 Bb3 26. Bd3 Bf8 27. Bxf8 Kxf8
28. Rxa7 Rc8 29. c6 Rxc6 30. h3 Rc3 31. Be4 f5 0-1

[Event "Titled Tuesday 2020.12.22"]
[Site "chess.com INT"]
[Date "2020.12.22"]
[Round "3"]
[White "Atanasov, Anthony"]
[Black "Pert, R."]
[Result "0-1"]
[WhiteElo "2144"]
[BlackElo "2416"]
[PlyCount "100"]
[EventDate "2020.12.22"]
[EventType "swiss (blitz)"]
[EventRounds "11"]
[EventCountry "NET"]
[Source "Mark Crowther"]
[SourceDate "2020.12.28"]

1. d4 Nf6 2. Bf4 c5 3. e3 g6 4. Nf3 Bg7 5. Be2 O-O 6. O-O b6 7. a4 Bb7 8. a5
bxa5 9. dxc5 Nc6 10. Nc3 Nh5 11. Bg5 h6 12. Bh4 g5 13. Bg3 Nxg3 14. hxg3 Rb8
15. Nd4 Nxd4 16. exd4 d6 17. cxd6 Qxd6 18. d5 Ba8 19. Rxa5 Rxb2 20. Nb5 Qb6 21.
Qd2 Bxd5 22. Rxa7 Bc6 23. Qe3 Qxe3 24. fxe3 Bxb5 25. Bxb5 Rxb5 26. Rxe7 Rc5 27.
Rf2 Rc6 28. g4 Bf6 29. Rd7 Kg7 30. Kh2 Re8 31. Rd3 Re4 32. Kh3 Rce6 33. g3 Rxe3
34. Rxe3 Rxe3 35. c4 Rc3 36. Rd2 Rxc4 37. Rc2 Rb4 38. Ra2 Rb3 39. Re2 Kf8 40.
Re1 Be7 41. Re2 Bd6 42. Kh2 Bxg3+ 43. Kg2 Bf4 44. Ra2 Rg3+ 45. Kh1 Rxg4 46.
Ra8+ Kg7 47. Rg8+ Kf6 48. Rg6+ Kf5 49. Rf6+ Ke4 50. Re6+ Be5 0-1

[Event "Titled Tuesday 2020.12.22"]
[Site "chess.com INT"]
[Date "2020.12.22"]
[Round "4"]
[White "Miroshnik, Ekaterina"]
[Black "Atanasov, Anthony"]
[Result "1-0"]
[WhiteElo "2118"]
[BlackElo "2144"]
[PlyCount "47"]
[EventDate "2020.12.22"]
[EventType "swiss (blitz)"]
[EventRounds "11"]
[EventCountry "NET"]
[Source "Mark Crowther"]
[SourceDate "2020.12.28"]

1. d3 d5 2. Nf3 Bf5 3. Nbd2 e6 4. g3 Nf6 5. Bg2 Bd6 6. O-O h5 7. h4 Nbd7 8. Re1
Bc5 9. e4 dxe4 10. dxe4 Ng4 11. Re2 Bg6 12. Nb3 c6 13. Nxc5 Nxc5 14. Qe1 Qb6
15. Nh2 O-O-O 16. Nxg4 hxg4 17. Be3 Qb5 18. c4 Qb6 19. a4 Rh5 20. b4 Nd3 21.
Bxb6 Nxe1 22. Bxd8 Nxg2 23. Bg5 Nxh4 24. Bxh4 1-0

[Event "Chess.com Bullet Open 1"]
[Site "chess.com INT"]
[Date "2020.12.19"]
[Round "1"]
[White "Xiong, Jeffery"]
[Black "Atanasov, Anthony"]
[Result "1-0"]
[WhiteElo "2709"]
[BlackElo "2144"]
[PlyCount "97"]
[EventDate "2020.12.19"]
[EventType "swiss (blitz)"]
[EventRounds "21"]
[EventCountry "NET"]
[Source "Mark Crowther"]
[SourceDate "2020.12.21"]

1. e4 c5 2. Nf3 d6 3. Bb5+ Nd7 4. d4 cxd4 5. Qxd4 a6 6. Bxd7+ Bxd7 7. Nc3 Rc8
8. e5 dxe5 9. Nxe5 Nf6 10. Be3 Bf5 11. Qa4+ Bd7 12. Qb3 e6 13. Qxb7 Bd6 14.
Nxd7 Nxd7 15. O-O-O Bc7 16. Qxa6 Be5 17. Ne4 Qc7 18. Qa4 Ke7 19. Rd2 Rhd8 20.
Rhd1 h6 21. Qa3+ Ke8 22. Nd6+ Bxd6 23. Qxd6 Qxd6 24. Rxd6 Ra8 25. a3 Ke7 26.
R6d3 Ke8 27. Bd2 Rac8 28. Bc3 g6 29. a4 h5 30. a5 Ra8 31. b4 Ra6 32. Kb2 Raa8
33. b5 Nc5 34. Rxd8+ Rxd8 35. Rxd8+ Kxd8 36. Bd4 Nd7 37. c4 Kc7 38. Kc3 e5 39.
Be3 Kd6 40. a6 f5 41. c5+ Kd5 42. a7 f4 43. a8=Q+ Ke6 44. Qc6+ Ke7 45. Qd6+ Ke8
46. c6 fxe3 47. Qxd7+ Kf8 48. c7 Kg8 49. c8=Q# 1-0

[Event "Chess.com Bullet Open 1"]
[Site "chess.com INT"]
[Date "2020.12.19"]
[Round "2"]
[White "Atanasov, Anthony"]
[Black "Osinovsky, S."]
[Result "1-0"]
[WhiteElo "2144"]
[BlackElo "2241"]
[PlyCount "99"]
[EventDate "2020.12.19"]
[EventType "swiss (blitz)"]
[EventRounds "21"]
[EventCountry "NET"]
[Source "Mark Crowther"]
[SourceDate "2020.12.21"]

1. d4 Nf6 2. Bf4 g6 3. e3 Bg7 4. Nf3 O-O 5. Be2 d6 6. O-O Nbd7 7. c4 Re8 8. Nc3
c6 9. h3 a6 10. Bh2 b5 11. cxb5 axb5 12. a4 b4 13. Na2 Rb8 14. Bc4 Nb6 15. Bb3
Nbd5 16. a5 Qxa5 17. Nc3 Qb6 18. Nxd5 cxd5 19. Nd2 Be6 20. Qe2 Rec8 21. Rfc1
Bd7 22. Rxc8+ Rxc8 23. Qd1 Bb5 24. Rc1 Qb7 25. Rxc8+ Qxc8 26. Bg3 Qa8 27. f3
Nd7 28. Qc2 Bf8 29. Bf2 Nb6 30. e4 Qc6 31. Qb1 Nc4 32. exd5 Qxd5 33. Qc1 Bh6
34. Bxc4 Bxd2 35. Bxd5 Bxc1 36. Be1 Bxb2 37. Bxb4 Bxd4+ 38. Kh2 Bc5 39. Bc3 e6
40. Bb3 d5 41. Bd2 Bc4 42. Bc2 Bd6+ 43. Kg1 e5 44. Kf2 Kg7 45. Ke3 f6 46. f4
Bc5+ 47. Kf3 e4+ 48. Kg3 f5 49. Bc3+ d4 50. Bxe4 1-0

[Event "Chess.com Bullet Open 1"]
[Site "chess.com INT"]
[Date "2020.12.19"]
[Round "3"]
[White "Atanasov, Anthony"]
[Black "Awatramani, Janak"]
[Result "1-0"]
[WhiteElo "2144"]
[BlackElo "2213"]
[PlyCount "125"]
[EventDate "2020.12.19"]
[EventType "swiss (blitz)"]
[EventRounds "21"]
[EventCountry "NET"]
[Source "Mark Crowther"]
[SourceDate "2020.12.21"]

1. d4 b6 2. Bf4 e6 3. e3 Bb7 4. Nf3 Nf6 5. Nbd2 d5 6. Bd3 a6 7. Ne5 Nbd7 8. Qf3
c5 9. c3 b5 10. a4 b4 11. Qh3 Qa5 12. Nb3 Qb6 13. a5 Qd8 14. Nd2 c4 15. Bc2 b3
16. Bd1 Nxe5 17. Bxe5 Nd7 18. Bh5 Nxe5 19. Qxe6+ Qe7 20. Qxe5 Qxe5 21. dxe5 g6
22. Bg4 Bg7 23. Nf3 h5 24. Bh3 O-O 25. O-O-O Rfe8 26. Rd2 Bxe5 27. Nxe5 Rxe5
28. Rhd1 Rd8 29. g3 d4 30. Rxd4 Rxd4 31. Rxd4 Rxa5 32. Rxc4 Ra1+ 33. Kd2 Rb1
34. Rb4 Rxb2+ 35. Kc1 Rc2+ 36. Kb1 Bd5 37. e4 Bc6 38. Rxb3 Bxe4 39. Rb8+ Kg7
40. f3 Rxh2+ 41. fxe4 Rxh3 42. Kc2 Rxg3 43. Ra8 Re3 44. Rxa6 Rxe4 45. Kd2 h4
46. Kd3 f5 47. Ra2 Kh6 48. c4 Kg5 49. c5 Re5 50. Kd4 Re4+ 51. Kd5 Re1 52. c6
Rd1+ 53. Ke6 h3 54. Rc2 Rc1 55. Rxc1 Kg4 56. c7 f4 57. c8=Q Kg3 58. Qc3+ f3 59.
Qf6 g5 60. Qxg5+ Kh2 61. Rc2+ f2 62. Rxf2+ Kh1 63. Qc1# 1-0

[Event "Chess.com Bullet Open 1"]
[Site "chess.com INT"]
[Date "2020.12.19"]
[Round "4"]
[White "Yanchenko, R."]
[Black "Atanasov, Anthony"]
[Result "0-1"]
[WhiteElo "2467"]
[BlackElo "2144"]
[PlyCount "64"]
[EventDate "2020.12.19"]
[EventType "swiss (blitz)"]
[EventRounds "21"]
[EventCountry "NET"]
[Source "Mark Crowther"]
[SourceDate "2020.12.21"]

1. d4 e5 2. Nf3 e4 3. Ng5 d5 4. c4 h6 5. Nh3 Bb4+ 6. Nc3 Bxh3 7. gxh3 c6 8.
cxd5 cxd5 9. Rg1 g6 10. Bf4 Nc6 11. e3 Nge7 12. Qb3 Qa5 13. Be2 g5 14. Bg3 Nf5
15. O-O-O Rc8 16. Kb1 Bxc3 17. bxc3 Nce7 18. Be5 O-O 19. Rc1 Rc6 20. Ka1 Rb6
21. Qc2 Nc6 22. Bc7 Rc8 23. Bxb6 axb6 24. c4 Nb4 25. Qd2 Ra8 26. cxd5 Qa4 27.
Rc4 Qxa2+ 28. Qxa2 Rxa2+ 29. Kb1 Rxe2 30. Rxb4 Rxf2 31. Rxb6 Nxe3 32. d6 Kf8
0-1

[Event "Chess.com Bullet Open 1"]
[Site "chess.com INT"]
[Date "2020.12.19"]
[Round "5"]
[White "Atanasov, Anthony"]
[Black "Sjugirov, S."]
[Result "0-1"]
[WhiteElo "2144"]
[BlackElo "2663"]
[PlyCount "102"]
[EventDate "2020.12.19"]
[EventType "swiss (blitz)"]
[EventRounds "21"]
[EventCountry "NET"]
[Source "Mark Crowther"]
[SourceDate "2020.12.21"]

1. d4 Nf6 2. Bf4 g6 3. e3 Bg7 4. Nf3 O-O 5. Be2 d6 6. O-O Nbd7 7. c4 b6 8. Nc3
Bb7 9. a4 a5 10. Qc2 Re8 11. e4 e5 12. dxe5 Nxe5 13. Nxe5 dxe5 14. Rad1 Qe7 15.
Bg5 c6 16. f3 h6 17. Bh4 Qe6 18. Bf2 Nd7 19. b3 Bf8 20. Rd2 Bc5 21. Rfd1 Bxf2+
22. Kxf2 Nc5 23. Rd6 Qe7 24. Nb1 Rad8 25. Rxd8 Rxd8 26. Rxd8+ Qxd8 27. Qd2 Qh4+
28. Kg1 Ne6 29. Nc3 Nd4 30. Bd1 Kg7 31. Ne2 Ne6 32. g3 Qe7 33. Nc3 Qc5+ 34. Kg2
Nd4 35. Qf2 Qb4 36. Ne2 Ne6 37. f4 Qd2 38. Qf1 c5 39. Kg1 Bxe4 40. fxe5 Bd3 41.
Qf6+ Kg8 42. Qf1 Ng5 43. h4 Qe3+ 44. Kh2 Nf3+ 45. Kg2 Be4 46. Kh3 Bf5+ 47. g4
Be4 48. Kg2 Nxh4+ 49. Kh2 Nf3+ 50. Kh1 Nd2+ 51. Kh2 Nxf1# 0-1

[Event "Chess.com Bullet Open 1"]
[Site "chess.com INT"]
[Date "2020.12.19"]
[Round "6"]
[White "Atanasov, Anthony"]
[Black "Piorun, K."]
[Result "0-1"]
[WhiteElo "2144"]
[BlackElo "2615"]
[PlyCount "81"]
[EventDate "2020.12.19"]
[EventType "swiss (blitz)"]
[EventRounds "21"]
[EventCountry "NET"]
[Source "Mark Crowther"]
[SourceDate "2020.12.21"]

1. d4 d6 2. Bf4 Nf6 3. Nf3 c5 4. e3 cxd4 5. exd4 Nc6 6. Nbd2 g6 7. c3 Bg7 8.
Be2 O-O 9. O-O Bg4 10. h3 Bxf3 11. Bxf3 Re8 12. Re1 e5 13. Bxc6 bxc6 14. dxe5
Nd5 15. Bg3 dxe5 16. Nc4 f6 17. Qc2 Qe7 18. Rad1 Rad8 19. Qb3 Qc5 20. Kh1 Kh8
21. Ne3 Nb6 22. Rxd8 Rxd8 23. Qf7 Rd7 24. Qe8+ Qf8 25. Qe6 Qe7 26. Qxc6 f5 27.
Nc4 Nxc4 28. Qxc4 h5 29. Bxe5 Bxe5 30. f4 Bxf4 31. Qc8+ Rd8 32. Rxe7 Rxc8 33.
Rxa7 Rd8 34. g3 Bxg3 35. b4 f4 36. Kg2 h4 37. b5 Rd3 38. Ra8+ Kg7 39. Kf1 f3
40. Ra7+ Kh6 41. Re7 0-1

[Event "Chess.com Bullet Open 1"]
[Site "chess.com INT"]
[Date "2020.12.19"]
[Round "7"]
[White "Gareev, T."]
[Black "Atanasov, Anthony"]
[Result "0-1"]
[WhiteElo "2606"]
[BlackElo "2144"]
[PlyCount "110"]
[EventDate "2020.12.19"]
[EventType "swiss (blitz)"]
[EventRounds "21"]
[EventCountry "NET"]
[Source "Mark Crowther"]
[SourceDate "2020.12.21"]

1. d4 e5 2. Nf3 e4 3. Ne5 d5 4. Nc4 dxc4 5. e3 Nf6 6. Bxc4 c6 7. c3 Nbd7 8. Qb3
Qe7 9. Nd2 b5 10. Be2 Nb6 11. a4 Be6 12. Qc2 Nxa4 13. Nxe4 Nxe4 14. Qxe4 Bd5
15. Qg4 Nb6 16. O-O h5 17. Qh3 Be6 18. Qf3 Rc8 19. e4 Bg4 20. Qe3 Bxe2 21. Qxe2
f5 22. e5 Nd5 23. e6 Rh6 24. Bxh6 gxh6 25. Qxh5+ Kd8 26. Qxf5 Nc7 27. Rfe1 Ra8
28. Qe4 Nd5 29. Qg6 Kc7 30. Re5 Kb6 31. Qf5 Re8 32. g3 Nc7 33. Qe4 Kb7 34. c4
bxc4 35. d5 cxd5 36. Rxd5 Nxd5 37. Qxd5+ Kb8 38. Ra5 Qxe6 39. Rb5+ Qb6 40.
Rxb6+ axb6 41. Qc6 Rd8 42. Kg2 Bc5 43. Qb5 Rc8 44. Qxc4 Bxf2 45. Qf4+ Kb7 46.
Qxf2 Rc7 47. Qe2 h5 48. Qf3+ Kb8 49. Qxh5 b5 50. Qf3 b4 51. Kh3 b3 52. Qh5 Kc8
53. Qb5 Rd7 54. Qxb3 Rh7+ 55. Kg2 Rb7 0-1

[Event "Chess.com Bullet Open 1"]
[Site "chess.com INT"]
[Date "2020.12.19"]
[Round "8"]
[White "Zubritskiy, Artyom"]
[Black "Atanasov, Anthony"]
[Result "0-1"]
[WhiteElo "2442"]
[BlackElo "2144"]
[PlyCount "66"]
[EventDate "2020.12.19"]
[EventType "swiss (blitz)"]
[EventRounds "21"]
[EventCountry "NET"]
[Source "Mark Crowther"]
[SourceDate "2020.12.21"]

1. d4 e5 2. Nf3 exd4 3. Nxd4 Nf6 4. g3 d5 5. Bg2 c5 6. Nf3 Nc6 7. O-O Be7 8. c3
O-O 9. Na3 h6 10. Bf4 Be6 11. Qc2 a6 12. Rad1 b5 13. Ne5 Nxe5 14. Bxe5 Ra7 15.
e4 Rd7 16. exd5 Bxd5 17. c4 Bxg2 18. Kxg2 b4 19. Nb1 Qa8+ 20. Kg1 Rxd1 21. Rxd1
Qf3 22. Nd2 Qh5 23. Bf4 Ng4 24. Nf1 Bf6 25. Rd5 g5 26. Rxc5 Bd4 27. Rd5 Bxf2+
28. Kg2 Re8 29. h3 Nf6 30. Rf5 Re2 31. Qd3 Bxg3+ 32. Kxg3 Qh4+ 33. Kf3 Qf2# 0-1

[Event "Chess.com Bullet Open 1"]
[Site "chess.com INT"]
[Date "2020.12.19"]
[Round "9"]
[White "Atanasov, Anthony"]
[Black "Mohammad, Nubairshah Shaikh"]
[Result "1-0"]
[WhiteElo "2144"]
[BlackElo "2445"]
[PlyCount "83"]
[EventDate "2020.12.19"]
[EventType "swiss (blitz)"]
[EventRounds "21"]
[EventCountry "NET"]
[Source "Mark Crowther"]
[SourceDate "2020.12.21"]

1. d4 d5 2. Bf4 Nf6 3. e3 c5 4. Nf3 Nc6 5. Nbd2 cxd4 6. exd4 Bg4 7. c3 e6 8.
Qb3 Qc8 9. h3 Bh5 10. Nh4 Be7 11. g4 Nd7 12. Nhf3 Bg6 13. Bb5 h5 14. g5 h4 15.
Be5 f6 16. gxf6 gxf6 17. Rg1 Kf7 18. Bf4 a6 19. Be2 Na5 20. Qd1 b5 21. b4 Nc4
22. Nxc4 bxc4 23. Nd2 a5 24. Bg4 Nb6 25. b5 a4 26. Qe2 Rg8 27. Nf3 a3 28. Be5
Be4 29. Bh5+ Kf8 30. Rxg8+ Kxg8 31. Nxh4 fxe5 32. Qg4+ Kh8 33. Bg6 Bxh4 34.
Qxh4+ Kg7 35. Qh7+ Kf6 36. Qf7+ Kg5 37. h4+ Kxh4 38. Kd2 Qf8 39. Qh7+ Kg4 40.
Rg1+ Kf3 41. Qh3+ Kxf2 42. Qg3# 1-0

[Event "Chess.com Bullet Open 1"]
[Site "chess.com INT"]
[Date "2020.12.19"]
[Round "10"]
[White "Atanasov, Anthony"]
[Black "Karjakin, Sergey"]
[Result "1-0"]
[WhiteElo "2144"]
[BlackElo "2752"]
[PlyCount "77"]
[EventDate "2020.12.19"]
[EventType "swiss (blitz)"]
[EventRounds "21"]
[EventCountry "NET"]
[Source "Mark Crowther"]
[SourceDate "2020.12.21"]

1. d4 c6 2. Nf3 d5 3. Bf4 Nf6 4. e3 Bg4 5. Nbd2 e6 6. h3 Bxf3 7. Nxf3 Bd6 8.
Bxd6 Qxd6 9. Ne5 O-O 10. c3 Nbd7 11. f4 Ne4 12. Bd3 f5 13. O-O Nxe5 14. fxe5
Qe7 15. Bxe4 dxe4 16. Qe2 Rad8 17. Qf2 g5 18. Rad1 Kh8 19. Qg3 Rf7 20. Kh2 Rdf8
21. c4 h5 22. h4 gxh4 23. Qg6 Rg8 24. Qxh5+ Rh7 25. Qe2 h3 26. g3 Rxg3 27. Kxg3
Rg7+ 28. Kh2 Rg2+ 29. Qxg2 hxg2 30. Kxg2 Qg5+ 31. Kf2 Qh4+ 32. Ke2 Qh2+ 33. Rf2
Qh5+ 34. Kd2 f4 35. Rxf4 Qh2+ 36. Kc1 Qe2 37. Rh1+ Kg7 38. Rg1+ Kh6 39. Rh4+
1-0